000 00523nam a22001697a 4500
999 _c18551
_d18551
003 BDDh-ASL
005 20231015025719.0
008 201013q1888 enk||||| |||| 00| 0 eng d
040 _aBDDh-ASL
_cBDDh-ASL
082 _a954
_bOPE
100 1 _91361
_aKhan, Syed Ahmed
_cSir
245 _aOpen Letters to Sir Syed Ahmed Khan/
_cby the Son of an Old Follower of His.
260 _aLondon:
_bIndian Political Agency,
_c1888?
300 _a29 p. :
_c19 cm.
600 1 0 _91361
_aKhan, Syed Ahmed
_cSir
_xLetters
942 _2ddc
_cBK